Statistics for NASCAR Drivers 2

Click here to take the quiz!

General Stats

  • This quiz has been taken 13 times
  • The average score is 11 of 16

Answer Stats

Answer% Correct
Dale Earnhardt Sr.
100%
Richard Petty
100%
Carl Edwards
89%
Kevin Harvick
89%
Chase Elliott
78%
Denny Hamlin
78%
Joey Logano
78%
Kyle Larson
78%
Mark Martin
78%
Kasey Kahne
67%
Bobby Allison
56%
David Pearson
56%
Michael Mcdowell
56%
Ross Chastain
56%
Ty Dillon
56%
Buddy Baker
22%

Score Distribution

Percentile by Number Answered

Percent of People with Each Score

Your Score History

You have not taken this quiz